Answers That Start With C - Statistics

General Stats
  • This quiz has been taken 459 times
  • The average score is 10 of 20
Answer Stats
Hint Answer % Correct
Long, orange root vegetable Carrot
99%
Holiday when Jesus was born Christmas
92%
Borders USA to the north Canada
91%
Last name of singers Miley and Billy Ray Cyrus
87%
What you track the date with Calendar
84%
Sweet treats you would get on Halloween Candy
84%
State who's capital is Denver Colorado
83%
Fastest land animal Cheetah
73%
Humpback mammal that rarely drinks water Camel
41%
Religion that the Bible belongs to Christianity
31%
Green part of Ants on a log (snack) Celery
30%
Cereal with the bee on it Cheerios
28%
What Plankton sells Chum
28%
Usually served at parties where the recipient blows out candles Cake
23%
Hip, Hip, Hurray! Three _____ Cheers
21%
Shape with no sides Circle
20%
Sofa Couch
20%
Johnny Depp was a pirate of this body of water Caribbean
17%
Game with suspects, weapons, and rooms Clue
14%
City where you can find the Tennessee Aquarium Chattanooga
12%
No matching quizzes found
Score Distribution
Percent of People with Each Score
Percentile by Number Answered
Your Score History
You have not taken this quiz